000 01188nam0a22002531 4500
001 rc\3061036
005 20250805160813.4
035 _a(NLR Aleph) 007199746
090 _a7620511
_c7620511
100 _a20111012d1942 |||y0rusy50 ca
101 0 _arus
102 _aRU
105 _ay z |||||
200 1 _aКраткая инструкция по заготовке, первичной обработке и хранению солодкового корня
_fСост. кандидат с.-х. наук Г.К. Фатус
_gНаркомпищепром СССР - Главтабак. Всесоюз. ин-т табачной и махорочной промышленности им. А.И. Микояна. Киргизск. республиканск. заготовительная контора "Главтабака"
210 _aФрунзе
_cБ. и.
_d1942
_gтиполитогр. № 1
215 _a14 с.
_d18 см
700 1 _aФатус
_bГ. К.
801 0 _aRU
_bNLR
_gpsbo
801 1 _aRU
_bELAR
_2rusmarc
852 _aNLR
_bС
_j50 Г-2/69
942 _cBOOK
945 _aРоссийская национальная библиотека
980 _aNB
980 _aBV